UBT Library

Get it all done and still be human : (Record no. 38915)

000 -LEADER
fixed length control field 00626cam a2200229 i 4500
001 - CONTROL NUMBER
control field 4155266
005 - DATE AND TIME OF LATEST TRANSACTION
control field 20171214043208.0
008 - FIXED-LENGTH DATA ELEMENTS--GENERAL INFORMATION
fixed length control field 790712s1979 paua b 001 0 eng
010 ## - LIBRARY OF CONGRESS CONTROL NUMBER
LC control number 78014633
020 ## - INTERNATIONAL STANDARD BOOK NUMBER
International Standard Book Number 0801967678 :
Terms of availability $8.95
040 ## - CATALOGING SOURCE
Original cataloging agency DLC
Transcribing agency DLC
Modifying agency DLC
041 ## - LANGUAGE CODE
Language code of text/sound track or separate title eng
043 ## - GEOGRAPHIC AREA CODE
Geographic area code n-us---
080 ## - UNIVERSAL DECIMAL CLASSIFICATION NUMBER
Universal Decimal Classification number 158.1
082 00 - DEWEY DECIMAL CLASSIFICATION NUMBER
Classification number 158.1 FAN
100 1# - Rafti
Rafti 18
101 ## - Shkurtesa
Shkurtesa SHP
245 10 - TITLE STATEMENT
Title Get it all done and still be human :
Statement of responsibility, etc Tony and Robbie Fanning.
504 ## - BIBLIOGRAPHY, ETC. NOTE
Bibliography, etc Bibliography: p. [145]-147.
906 ## - LOCAL DATA ELEMENT F, LDF (RLIN)
a 7
b cbc
c orignew
d 2
e ocip
f 19
g y-gencatlg
942 ## - ADDED ENTRY ELEMENTS (KOHA)
Source of classification or shelving scheme
Item type Books
Holdings
Withdrawn status Lost status Source of classification or shelving scheme Damaged status Not for loan Collection code Permanent location Current location Shelving location Date acquired Total Checkouts Full call number Barcode Date last seen Price effective from Koha item type
          Koleksioni i përgjithshem UBT - Lipjan UBT - Lipjan Koleksioni i lëndeve mesimore 12/14/2017   158.1 FAN 002-2939155 12/14/2017 12/14/2017 Books
UBT Library © 2015-2024. All rights reserved University Education for Business and Technology